| 000 | 00737cab a22001935a 4500 | ||
|---|---|---|---|
| 001 | L156030 | ||
| 008 | 120425s2012 xxka f 000 0 eng d | ||
| 035 | _a(Sirsi) u156030 | ||
| 041 | 0 | _aeng | |
| 100 | 1 | _aBattrick, Paul | |
| 245 | 0 | 4 |
_aThe rainbow suite _bthe 1999 FIDIC contracts, part 7 _bthe gold standard |
| 260 | _c2012 | ||
| 490 |
_aCivil Engineering Surveyor _vApril 2012, 19-21(3) |
||
| 520 | _aConsiders elements of the FIDIC gold book relative to the submission of claims, predominately by the contractor but also by the employer, and compares the procedures with those contained within the red, yellow and silver books. | ||
| 651 | 4 | _aInternational | |
| 690 |
_aContracts _96232 |
||
| 700 | 1 | _aDuggan, Phil | |
| 942 | _n0 | ||
| 999 |
_c83945 _d83945 |
||